| 000 | 00597nam a2200145Ia 4500 | ||
|---|---|---|---|
| 008 | 170221s9999 xx 000 0 und d | ||
| 100 | _aKimberly K. Powell | ||
| 245 | _aDo they really know their customers? Exploring relationship marketing from the student stakeholder perspective | ||
| 245 | _cKimberly K. Powell, Southern University and A & M College; Melanie Powell Rey, Southern University and A & M College. | ||
| 260 | _bJournal of Management and Marketing Research | ||
| 260 | _c2012 | ||
| 300 | _a32 : 15 | ||
| 650 | _xBusiness | ||
| 856 | _uhttp://www.aabri.com/manuscripts/152212.pdf | ||
| 999 |
_c311360 _d311360 |
||